1925 1318 1711 1452 1424 1141 1496 1749 1820 1645 1837 1312 1059 1221 1047 1471 1638 1565 1112 1197 1095 1644 1167 1581 1273 1995 1517 1852 1092 1095 1853 1112 1355 1839 1695 1005 1374 1383 1041 1529 1189 1425 1830 1281 1349 1062 1943 1693 1854 1767 1568 1339 1421 1484 1686 1778 1536 1581 1478 1288 1239 1029 1526 1480 1253 1928 1018 1764 1990 1904 1260 1550 1883 1162 1994 1188 1801 1414 1940 1706 1140 1013 1901 1600 1024 1565 1183 1080 1246 1428 1693 1471 1834 1821 1780 1967 1160 1078 1758 BCNSPRNW ULIB Ver.6.0+V

เปลี่ยนเป็นภาษาไทย

Change to English
 แสดงรายละเอียดบรรณานุกรม
  กลับหน้าหลัก

Brief Record : Get Marc (ISO 2709) : E-mail record : QR code < ปิดหน้าต่าง
LEADER : 00000nam 2200000uu 4500
001    13399111209
003     ULIB
008    110620s||||||||th 000 0 tha d
020    9789743415029
050  4 BF637^bว522ว 2550
100 0  วิจิตรวาทการ,^cพลตรี หลวง,^d2441-2505
245 10 วิชชาแปดประการ /^cโดย พลตรี หลวงวิจิตรวาทการ
250    พิมพ์ครั้งที่ 4
260    กรุงเทพฯ :^bสร้างสรรค์บุ๊คส์,^c2550
300    (25), 126 หน้า :^bภาพประกอบ ;^c20 ซม.
650  7 พุทธศาสนา
650  7 พุทธศาสนากับจิตวิทยา
945    ^p115^l0^i027154
945    ^p115^l0^i027153
995    ทศพร
999 ^a ใช้งานได้ทุกระบบ
รายการนี้ยังไม่มีแท็ก
คุณยังไม่ได้ล็อกอิน คุณสามารถมีกิจกรรมร่วมกับเว็บไซต์ได้ แต่ต้องล็อกอินก่อน ::
  ล็อกอิน

รายการสื่อสารสนเทศ

ลำดับที่ ประเภท เลขเรียก/บาร์โค้ด สถานที่ สถานะ
- ไม่พบข้อมูล -

รายการใกล้เคียง
    หัวเรื่อง [พุทธศาสนา]
    หัวเรื่อง [พุทธศาสนากับจิตวิทยา]

BibComment


ยังไม่เคยถูกคอมเมนท์

คอมเมนท์ทรัพยากรรายการนี้
  คอมเมนท์: วิชชาแปดประการ โ..


 Copyright 2026. Bcnsprnw @Library